MDQL
is popping MORE tags! Check the
thread
!
Quizzes
Events
Quiz Creation
Community
Videos
Private Events
Remove Ads
Sign In
Join for FREE
Feedback
Dark Mode
Quiz Categories
Sports
Geography
Music
Movies
Television
Just For Fun
Miscellaneous
History
Literature
Language
Science
Gaming
Entertainment
Religion
Holiday
For Kids
Quiz Lab
Recent
Popular Today
Quiz Kudos Today
Editor Picks
Curator Picks
Quizzes by...
Day
Popularity
Type
Ratings
Length
Year
Community
Subscriptions
Recent Discussions
Orange Saloon
Badges
Playlists
Quests
Create
Leaderboards
Showdown
Live 5
Trivia Bingo
Activity
Puzzle Library
Sporcle Events
Private Events
Virtual Trivia
Globe League
Become a Host
Pub Owners
SporcleCon
Opinionation
Our Games
Videos
Blog
Mobile Apps
Partnerships
Remove Ads and Go Orange
Feedback
Television
TV Characters
TV Show
Sitcom
Network
Friends
Reality Shows
Cast
South Park
Star Trek
The Simpsons
Doctor Who
Television
TV Characters
TV Show
Sitcom
Network
Friends
Reality Shows
Cast
South Park
Star Trek
The Simpsons
Doctor Who
Random Quiz
Search Sporcle
×
Quiz Lab
Quiz Lab
Television
Guy
Type in answers that appear in a list
Type in answers that appear in a list
Classic
Best Score? Go Orange.
Family Guy Stats
Can you name the Family Guy?
By
Abbie1234
6m
41 Questions
41 Plays
41 Plays
41 Plays
Comments
Comments
Give Quiz Kudos
Give Quiz Kudos
-
- Ratings
hide this ad
Replay
Link that replays current quiz
Next Quiz
Link to next quiz in quiz playlist
You Got
0%
They Got
Avg Score
55%
Avg Friend Score
Upgrade to see
Score Distribution
Jump to the score distribution portion of the page
Score
0/41
Timer
06:00
0
Plays Today
Do you think you know family guy?
% Correct
Main character -
dad
Peter Griffin
100%
Mom -
wife
Lois Griffin
100%
Eldest child -
daughter
Meg Griffin
97.6%
Youngest child -
son
Stewie Griffin
97.6%
Middle aged child -
son
Chris Griffin
97.6%
Next door neighbour -
in a wheelchair
Joe Swanson
97.6%
The black guy -
he moved
Cleveland Brown
92.7%
The griffins dog
Brian griffin
90.2%
^His wife
Bonnie Swanson
80.5%
The place where the guys go to drink
The Drunken Clam
80.5%
News reporter -
main guy
Tom Tucker
80.5%
^ Ex wife
Loretta Brown
78%
Pervert
Glenn Quagmire
75.6%
Mayor of quahog
Adam West
75.6%
The pharmacy owner
Mort Goldman
73.2%
Lives in Chris's closet
Evil Monkey
68.3%
News reporter -
main lady (before she dies)
Diane Simmons
65.9%
The old pervert
Herbert
63.4%
Fights with peter alot
Ernie the chicken
63.4%
Black news reporter
Ollie Williams
61%
Lois's dad
Carter Pewterscmidt
58.5%
Do you think you know family guy?
% Correct
Stewie's teddy bear
Rupert
58.5%
Asian reporter
Tricia Takanawa
48.8%
There dead son
Kevin Swanson
46.3%
There daughter
Susie Swanson
36.6%
Stewies half brother -
evil
Bertram
34.1%
Brian's cousin
Jasper
34.1%
Peter's step dad -
dead
Francis Griffin
31.7%
Maid/
cleaner
Consuela
31.7%
We first meet in a music shop
Jesus
31.7%
^ His dad
God
31.7%
Lois's mum
Barbara Pewterscmidt
29.3%
^ His wife
Muriel Goldman
26.8%
Lois's sister
Carol Pewterscmidt
26.8%
Lois's brother
Patrick Pewterscmidt
24.4%
Peter's real dad
Mickey Mcfinnigan
24.4%
His new wife
Donna Brown
22%
Local shop owner
Carl
9.8%
Brian's father
Coaco
4.9%
Ohhh noo
Cruce
4.9%
Brian's mother
Biscuits
2.4%
Quiz Playlist
Details
Report
Send in Message
Add To Playlist
Classic:
Type in answers that appear in a list
Last Updated: Feb 16, 2017
Quiz Scoreboard
CHALLENGE
Sign Up to Join the Scoreboard
Show All
Scores
Hide
Comments
May contain spoilers
Recently Published
5x2 Blitz: Bands
by SL_Kpop136
Music
30s
Colored Red Africa Blitz
by spor1
Geography
30s
Find the 'City' Movie
by crazypaving
Movies
60s
More to Explore
Quiz From the Vault
Featured Blog Post
14 Easter Pick-up Lines to Find Eggs With
hide this ad
You Might Also Like...
Tags
Family
Guy
Today's Top Quizzes in Television
Browse Television
hide this ad
Today's Top Quizzes in Guy
Browse Guy
Top Contributed Quizzes in Television
1
Survivor Journey Challenge
2
Brooklyn Nine Nine Logic Puzzle (How-To-Play)
3
Total Drama Characters
4
Phoebe Buffay Quotes
5
Survivor Trivia
6
Survivor Logic Puzzle: Heroes vs. Villains
7
Emmerdale Characters (from August 2012)
8
One Tree Hill Logic Puzzle
9
Adjectives in 00s TV Shows
10
All US Survivor Seasons in Order
Explore More
Trending Topics
Marvel
Disney
Kpop
NBA
Anime
Crossword
Harry Potter
Puzzle
Song
WWE
Soccer
The Office
Country
NFL
Pokémon
hide this ad
Score Distribution
Quiz Creator Spotlight
Abbie1234
Follow
Send a Message
Quizzes Created
-
Created Quiz Play Count
-
Popular Quizzes Today
1
Colored Red Africa Blitz
2
Find the 'City' Movie
3
Find the US States - No Outlines Minefield
4
5x2 Blitz: Bands
5
The Countries of the World
6
Find the US States
7
US States
8
Find the Countries of Europe - No Outlines Minefield
More Television Quizzes
Paint By Ladder: Breaking Bad
Editor's Pick
Trending Quizzes
Colored Red Europe Blitz I
Colored Red Africa Blitz II
Colored Red Europe Blitz II
Colored Red Europe Blitz III
Colored Red Africa Blitz III
Recently Updated
How Do You Spell That?
pecheneg
Godzilla Movies
pecheneg
Grab Bag: 4-10 Letters
pecheneg
2024 March Madness Bracket
pecheneg
Famous TV Couples
Peacemaker
Champions League XIs: Real Madrid
pecheneg
Largest US Cities 1790-2010
pecheneg
Rides in Walt Disney World
pecheneg
Most Oscar Losses (Acting)
pecheneg
Beyoncé Albums
pecheneg
Trending Topics
Disney
Kpop
Harry Potter
Anime
Crossword
NBA
Marvel
WWE
Song
Country
Puzzle
Soccer
NFL
The Office
Pokémon
Your Account Isn't Verified!
In order to create a playlist on Sporcle, you need to verify the email address you used during registration. Go to your
Sporcle Settings
to finish the process.
Report this User
Report this user for behavior that violates our
Community Guidelines
.
Details:
Send Report
Go to the Sporcle.com Mobile Site →
Comments